|
|
|
|
| LEADER |
00000nam0a2200000 4500 |
| 001 |
123276 |
| 005 |
20231031130431.0 |
| 035 |
|
|
|a (RuTPU)RU\TPU\book\133453
|
| 090 |
|
|
|a 123276
|
| 100 |
|
|
|a 20071015d1964 km y0rusy50 ca
|
| 101 |
1 |
|
|a rus
|c eng
|
| 102 |
|
|
|a RU
|
| 105 |
|
|
|a y z 000zy
|
| 200 |
1 |
|
|a Применение обобщенных функций к изучению элементарных частиц в релятивистской квантовой механике
|e пер. с англ.
|f Л. Шварц
|
| 210 |
|
|
|a Москва
|c Мир
|d 1964
|
| 215 |
|
|
|a 181 с.
|c ил.
|
| 225 |
1 |
|
|a Библиотека сборника "Математика"
|
| 610 |
1 |
|
|a физика
|
| 610 |
1 |
|
|a квантовая физика
|
| 610 |
1 |
|
|a квантовая механика
|
| 610 |
1 |
|
|a математическая физика
|
| 610 |
1 |
|
|a обобщенные функции
|
| 610 |
1 |
|
|a применение
|
| 610 |
1 |
|
|a релятивистская квантовая механика
|
| 610 |
1 |
|
|a элементарные частицы
|
| 675 |
|
|
|a 530.145
|v 3
|
| 700 |
|
1 |
|a Шварц
|b Л.
|g Лоран
|
| 801 |
|
1 |
|a RU
|b 63413507
|c 20071015
|g PSBO
|
| 801 |
|
2 |
|a RU
|b 63413507
|c 20080526
|g PSBO
|
| 942 |
|
|
|c BK
|